Bilingualism in relation to language planning and language teaching : a study of the mutual impact of Shona and English /
Saved in:
| Main Author: | |
|---|---|
| Format: | Thesis Book |
| Language: | English |
| Published: |
1977
|
| Subjects: | |
| Tags: |
Add Tag
No Tags, Be the first to tag this record!
|
| LEADER | 01038cam a2200301 4500 | ||
|---|---|---|---|
| 001 | u50436 | ||
| 003 | SIRSI | ||
| 008 | 870807s1977 uk v 0 eng | ||
| 015 | |a X860002708 | ||
| 035 | |a AAF-4263 | ||
| 040 | |a UMM | ||
| 043 | |a f-rh--- | ||
| 050 | 1 | |a PL8681.1 | |
| 090 | 0 | 0 | |a PL8681.1 |b Nga |
| 100 | 1 | 0 | |a Ngara, Emmanuel Alloysius. |
| 245 | 1 | 0 | |a Bilingualism in relation to language planning and language teaching : |b a study of the mutual impact of Shona and English / |c Emmanuel Aloysius Ngara |
| 260 | |c 1977 | ||
| 300 | |a 381 leaves ; |c 30cm | ||
| 500 | |a Photocopy | ||
| 502 | |a Thesis (Ph.D.) - University of London, 1977 | ||
| 504 | 0 | 0 | |a Bibliography: leaves 385-391 |
| 650 | 0 | |a Shona language |x Grammar, Comparative |x English | |
| 650 | 0 | |a English language |x Grammar, Comparative |x Shona | |
| 650 | 0 | |a English language |x Influence on Shona | |
| 650 | 0 | |a Bilingualism |z Zimbabwe | |
| 948 | |a 16/03/1991 |b 13/08/2002 | ||
| 596 | |a 1 | ||
| 999 | |a PL8681.1 NGA |w LC |c 1 |i A002855245 |d 13/8/2001 |l STACKS |m P01UTAMA |n 2 |r Y |s Y |t TESIS |u 23/1/1992 | ||
